000 00938nac a2200265 a 4500
003 Co-PeBPM
005 20250918121230.0
008 250918b |||||||| |||| 00| 0 spa d
020 _a9788446018148
040 0 _aCo-PeBPM
_bspa
_cCo-PeBPM
_erda
041 _aspa
082 _a843.91 V49t
100 1 _aVivet-Rémy, Anne-Catherine.
245 1 0 _aLos trabajos de Hércules
_c/ Anne-Catherine Vivet-Rémy ; traducida Josefina Careaga ; ilustraciones Thierry Christmann.
260 _aMadrid
_b: Ediciones Akal
_c, 2004
300 _a128 páginas.
_b; il., mapas
_c; 21cm.
500 _aEl libro incluye ejercicios y juegos para interpretación de lectura.
650 1 4 _2LEMB
_aHércules (Personaje mitológico)
650 1 4 _2LEMB
_aNovela de aventuras.
650 1 4 _2LEMB
_aLeyendas.
650 1 4 _2LEMB
_aMitología.
700 _aCareaga Rivelles, Josefina
_e, tr.
700 _aChristmann, Thierry
_e, il.
942 _2ddc
_cBK
_n0
999 _c61257
_d61257